000 01236nam a22003497a 4500
003 CHAP
005 20220817042254.0
008 971013s1995 r 00010 d
010 _a39169
011 _a40141
035 _a44266
040 _cCHAP
090 _aTesis
100 0 0 _aAguilar Jiménez, Juan Luis.
_92732
245 _aPrograma computacional para estimar los requerimientos nutricionales de los bovinos productores de leche
260 _aChapingo, Méx. :
_bEl autor,
_c1995
300 _a106 h.
502 _aTesis (Ing. Agr. Esp. en Zootecnia) -- UACH. Departamento de Zootecnia
590 _aALEPH
_b10
_c20130110
_lUCH01
_h1306
590 _aBATCH-UPD
_b10
_c20130109
_lUCH01
_h2348
590 _aBATCH-UPD
_b10
_c20130110
_lUCH01
_h1219
590 _aBATCH-UPD
_b10
_c20130409
_lUCH01
_h1918
590 _aBATCH-UPD
_b10
_c20130410
_lUCH01
_h0755
590 _aBATCH-UPD
_b10
_c20130913
_lUCH01
_h2310
590 _aCONVERSION
_b10
_c20130109
_lUCH01
_h1322
650 1 4 _aGanado lechero
_xNutrición.
_945281
650 1 4 _aProcesamiento automático de datos en ganadería.
901 _aBK
942 _cFOLL
949 _bBC
_cTES
_d-101429
_eTS1
_h27660
_i44266
_si
949 _bBC
_cTES
_d-101430
_eTS2
_fc.2
_h27661
_i44266
_si
999 _c39169
_d39169